Normal view
MARC view
Entry Personal Name
001 - CONTROL NUMBER
- control field: 1181263
003 - CONTROL NUMBER IDENTIFIER
- control field: OSt
005 - DATE AND TIME OF LATEST TRANSACTION
- control field: 20260324130313.0
008 - FIXED-LENGTH DATA ELEMENTS
- fixed length control field: 260324|| aca||aabn | a|a d
040 ## - CATALOGING SOURCE
- Original cataloging agency: OSt
- Transcribing agency: OSt
100 ## - HEADING--PERSONAL NAME
- Personal name: Nicholas Breyfogle; Abby Schrader; Willard Sunderland
670 ## - SOURCE DATA FOUND
- Source citation: Work cat.: (OSt)1777324: Nicholas Breyfogle; Abby Schrader; Willard Sunderland, Peopling the Russian Periphery
